000 01780nam0a22003611 4500
001 v19\rc\1894794
005 20251118180421.1
035 _a(NLR Aleph) 004981637
090 _a6191339
_c6191339
100 _a20080221d1911 u y0rusy50 ca
101 1 _arus
_cger
102 _aRU
105 _aa z |||||
200 1 _aФизическая химия как основание аналитической химии
_eС 13 черт. в тексте
_f[Соч.] В. Герца, проф. Бреславл. ун-та
_g!Пер. с разрешения и с доп. авт. с нем. изд. "Physikalische chemie als grundlage der analitischen chemie von prof dr. W. Herz, Universität Breslau" лаборанта Д.Д. Гарднера, под ред. А.А. Яковкина, проф. Технол. ин-та имп. Николая I
210 _aСанкт-Петербург
_cК.Л. Риккер
_d1911
215 _a[2], VI, 124 с.
_cчерт.
_d22
454 0 _12001#$aPhysikalische chemie als grundlage der analitischen chemie$fVon prof dr. W. Herz, Universität Breslau
_1700#1$aHerz$bW.
_tPhysikalische chemie als grundlage der analitischen chemie
_aHerz, W.
700 1 _aГерц
_bВ.
_gВальтер
702 1 _aГарднер
_bД.Д.
_f1878-
_gДаниил Даниилович
_4730
702 1 _aЯковкин
_bА.А.
_f1860-1936
_gАлександр Александрович
_4340
801 0 _aRU
_bNLR
_gpsbo
801 0 _aRU
_bRuMoRGB
_2psbo
801 1 _aRU
_bProSoft-M
_2rusmarc
852 _aNLR
_j38.37.1.59
899 _aRuMoRGB
_jU 84/122
899 _aRuMoRGB
_jU 391/355
899 _aRuMoRGB
_jB 42/369
899 _aRuMoRGB
_jРб 3/802
899 _aБАН
899 _aНБ МГУ
899 _aНБ СПбГУ
942 _cBOOK
980 _aNB